000 00285nam a22001217a 4500
003 SGT
082 _a617.7
_bS04B
100 _aBLUMENTHAL, MICHAEL
245 _aSAMLL INCISION MANUAL CATARACT SURGERY
260 _aHIGHLIGHT
_bOPHTH. PHARMA
_c2004
300 _a158
942 _2ddc
_cBK
999 _c14733
_d14733